BUBT Library Online Catalog

Information System (Record no. 5080)

000 -LEADER
fixed length control field 00462nam a22001697a 4500
003 - CONTROL NUMBER IDENTIFIER
control field BUBTL
008 - FIXED-LENGTH DATA ELEMENTS--GENERAL INFORMATION
fixed length control field 151231b xxu||||| |||| 00| 0 eng d
020 ## - INTERNATIONAL STANDARD BOOK NUMBER
International Standard Book Number 9788177587784
082 ## - DEWEY DECIMAL CLASSIFICATION NUMBER
Edition number 4th
Classification number 004.1
Item number ALI
100 ## - MAIN ENTRY--PERSONAL NAME
Dates associated with a name Alter,Steven
245 ## - TITLE STATEMENT
Title Information System
Remainder of title Foundation of E-Business
Statement of responsibility, etc. Steven Alter
260 ## - PUBLICATION, DISTRIBUTION, ETC. (IMPRINT)
Place of publication, distribution, etc. New Delhi
Name of publisher, distributor, etc. Pearson
Date of publication, distribution, etc. c2002
300 ## - PHYSICAL DESCRIPTION
Extent 614p
Other physical details ills
Dimensions 27cm
856 ## - ELECTRONIC LOCATION AND ACCESS
Password 0
Logon 0
Link text Download
942 ## - ADDED ENTRY ELEMENTS (KOHA)
Source of classification or shelving scheme
Koha item type Books
Edition 4th

No items available.

More Information About Library

Library Hours

  • Open: 9.00 am. to 9.00 pm.
  • Only Sunday: 9.00 am. to 6.00 pm.
  • Closed: Holiday

Contact to the University

Bangladesh University of Business and Technology Library

  • Mirpurl-2, 1216.
  • Phone:
  • Fax:
  • E-Mail: admin.library@bubt.edu.bd

Contact to the Library

Contact Person:

Md. Abdul Hakim Shah
Joint Librarian
PABX No:  113
Cell No: 01816332931
E-mail: official: admin.library@bubt.edu.bd
Personal: hakim.shah@bubt.edu.bd


BUBT Library

Copyright © 2021